|
|
|
|
| LEADER |
00730nta a2200205 i 4500 |
| 001 |
dokt7107 |
| 005 |
20260203102116.0 |
| 008 |
220317s1998 hu om 000 eng d |
| 040 |
|
|
|a SZTE Doktori Repozitórium
|b hun
|
| 041 |
|
|
|a eng
|
| 100 |
1 |
|
|a Bagaméry Krisztina
|
| 245 |
1 |
0 |
|a α2-adrenergic receptors and imidazoline binding sites in the human placenta
|h [elektronikus dokumentum] /
|c Bagaméry Krisztina
|
| 260 |
|
|
|c 1998
|
| 502 |
|
|
|a Disszertacio
|
| 650 |
|
4 |
|a klinikai orvostudományok
|
| 650 |
|
4 |
|a Orvos- és egészségtudomány
|
| 650 |
|
4 |
|a Klinikai orvostan
|
| 695 |
|
|
|a Szülészet
|
| 700 |
0 |
1 |
|a Falkay György
|e ths
|
| 856 |
4 |
0 |
|u https://doktori.bibl.u-szeged.hu/id/eprint/7107/1/1998_bagamery_krisztina.pdf
|z Dokumentum-elérés
|